000 00746nas a2200241 4500
001 BR9203768
003 BR-BrBNA
005 20231205095056.0
007 ta
008 230509b bl.|||p| |||| 00| 00por d
040 _aBR-BrBNA
_bpor
_cBiblioteca Nacional de Agricultura
041 _a(Pt)
072 _aH10
100 1 _aLink, D.
100 1 _aCosta, E.C.
245 1 _aSeletividade de alguns piretroides sobre inimigos naturais de insetos nocivos da cultura da soja
650 _aSoja
650 _aInseto
650 _aControle Quimico
773 0 _tRevista do Centro de Ciencias Rurais (Brazil)
_xISSN 0085-5901
_g(Apr-Jun 1988), v. 18(2) p. 125-131
_wBR9203768
909 _a202311
_bLúcia
_c55
_dLúcia Elande
942 _2AGRIS
_n0
_cANA
999 _c148585
_d148585